Statistics for Permanent Members of the United Nations Security Council

Click here to take the quiz!

General Stats

  • This quiz has been taken 1,386 times
  • The average score is 5 of 5

Answer Stats

Country % Correct
United States
100%
United Kingdom
99%
Russia
99%
France
99%
China
98%

Score Distribution

Percentile by Number Answered

Percent of People with Each Score

Your Score History

You have not taken this quiz